000
00299nam a2200133Ia 4500
008
240624s9999 xx 000 0 und d
041
_a
eng
082
_a
823 STE
100
_a
STEEL DANIELLE
245
_a
SUMMER S END
260
_c
1979
_a
Great Britain
_b
Dell
300
_a
383p. ; 18cm.
365
_c
999
_c
3989
_d
3989